000 00455nam a2200193Ia 4500
003 0100
008 130307s9999 xx 000 0 und d
040 _cARRUPELIB
050 _aD16.8.W28
100 _aWalsh, William H
245 3 _aAn introduction to philosophy of history
260 _aLondon
260 _bHutchinson's university library
260 _c1951
300 _a174p.
300 _b20cm
650 _bCatholics--England
942 0 0 _01
999 _c99009
_d99009